Largest Cities between every Major Latitude on Map - Statistics

General Stats
  • This quiz has been taken 199 times
  • The average score is 30 of 50
Answers on the Map
Answers color-coded by a green-red scale on the quiz's map according to % correct below.
 
Answer Stats
Region Population City % Correct
Tropic of Cancer - Arctic Circle 40,400,000 Tokyo
95%
Tropic of Cancer - Arctic Circle 19,800,000 Beijing
94%
Tropic of Cancer - Arctic Circle 22,100,000 New York City
94%
Equator - Tropic of Capricorn 13,200,000 Rio de Janeiro
91%
Tropic of Cancer - Arctic Circle 33,600,000 Shanghai
91%
Tropic of Cancer - Arctic Circle 21,000,000 Cairo
90%
Tropic of Capricorn - Antarctic Circle 22,400,000 Sao Paulo
90%
Tropic of Capricorn - Antarctic Circle 5,300,000 Sydney
90%
Tropic of Capricorn - Antarctic Circle 16,400,000 Buenos Aires
89%
Tropic of Cancer - Arctic Circle 30,300,000 Delhi
87%
Equator - Tropic of Cancer 23,000,000 Mexico City
87%
Equator - Tropic of Capricorn 31,300,000 Jakarta
86%
Equator - Tropic of Cancer 25,100,000 Mumbai
85%
Equator - Tropic of Cancer 19,400,000 Lagos
83%
Equator - Tropic of Capricorn 10,100,000 Lima
83%
Tropic of Capricorn - Antarctic Circle 4,975,000 Melbourne
83%
Equator - Tropic of Cancer 18,800,000 Bangkok
82%
Tropic of Capricorn - Antarctic Circle 13,900,000 Johannesburg
82%
Tropic of Capricorn - Antarctic Circle 7,250,000 Santiago
81%
Equator - Tropic of Cancer 46,700,000 Guangzhou
79%
Equator - Tropic of Capricorn 12,400,000 Kinshasa
79%
Equator - Tropic of Cancer 25,700,000 Manila
78%
Tropic of Cancer - Arctic Circle 24,800,000 Seoul
77%
Tropic of Capricorn - Antarctic Circle 4,225,000 Cape Town
74%
Tropic of Cancer - Arctic Circle 17,800,000 Karachi
74%
Tropic of Cancer - Arctic Circle 17,700,000 Osaka
69%
Equator - Tropic of Cancer 16,800,000 Kolkata
67%
Equator - Tropic of Capricorn 8,150,000 Luanda
66%
Equator - Tropic of Capricorn 5,900,000 Nairobi
66%
Equator - Tropic of Capricorn 6,450,000 Dar es Salaam
65%
Equator - Tropic of Cancer 11,300,000 Chennai
63%
Tropic of Cancer - Arctic Circle 20,200,000 Dhaka
63%
Equator - Tropic of Cancer 12,200,000 Bangalore
58%
Equator - Tropic of Cancer 10,200,000 Hyderabad
52%
Arctic Circle - North Pole 292,465 Murmansk
47%
Tropic of Capricorn - Antarctic Circle 3,425,000 Durban
45%
Equator - Tropic of Capricorn 5,000,000 Belo Horizonte
40%
Tropic of Capricorn - Antarctic Circle 4,125,000 Porto Alegre
39%
Equator - Tropic of Capricorn 6,100,000 Surabaya
34%
Equator - Tropic of Capricorn 6,950,000 Bandung
29%
Arctic Circle - North Pole 76,974 Tromsø
28%
Tropic of Capricorn - Antarctic Circle 3,425,000 Curitiba
19%
Arctic Circle - North Pole 180,976 Noril'sk
14%
Arctic Circle - North Pole 52,357 Bodø
9%
Arctic Circle - North Pole 74,756 Vorkuta
4%
Arctic Circle - North Pole 55,201 Apatity
3%
Arctic Circle - North Pole 45,050 Monchegorsk
2%
Arctic Circle - North Pole 29,975 Olenegorsk
2%
Arctic Circle - North Pole 52,597 Severomorsk
2%
Arctic Circle - North Pole 42,771 Kandalaksha
1%
No matching quizzes found
Score Distribution
Percent of People with Each Score
Percentile by Number Answered
Your Score History
You have not taken this quiz